Normal view
MARC view
- اسرائيل- مخططات
Entry Topical Term
001 - CONTROL NUMBER
- control field: 39896
003 - CONTROL NUMBER IDENTIFIER
- control field: JO-AjAnu
005 - DATE AND TIME OF LATEST TRANSACTION
- control field: 20230606080630.0
008 - FIXED-LENGTH DATA ELEMENTS
- fixed length control field: 230606|| aca||aabn | a|a d
040 ## - CATALOGING SOURCE
- Original cataloging agency: JO-AjAnu
- Transcribing agency: JO-AjAnu
150 ## - HEADING--TOPICAL TERM
- Topical term or geographic name entry element: اسرائيل- مخططات
670 ## - SOURCE DATA FOUND
- Source citation: Work cat.: (JO-AjAnu)20455: تاليف مازور، ىدام ، م.مشارك سوفير، ميجال, author 39895, اسرائيل 2020 الخطة الشاملة لاسرائيل في سنوات الألفين: صورة المستقبل مخطط لتنظيم المجال القومي